Statistics for Explore the South Seas

Click here to take the quiz!

General Stats

  • This quiz has been taken 11,556 times
  • The average score is 15 of 20

Answer Stats

HintAnswer% Correct
Hawaiian word for "hello" and "goodbye"Aloha
95%
Largest city in the state of HawaiiHonolulu
93%
Country originally settled by the Māori people in the 1300sNew Zealand
93%
Island, also called Rapa Nui, known for its giant head-shaped statues{Easter} Island
90%
Pacific island nation that is named after a Biblical king{Solomon} Islands
86%
Country, starting with K, which has land in all four hemispheres of the EarthKiribati
84%
Famous scientist who visited the above on the HMS BeagleCharles Darwin
81%
These were called "The Islands of the Tortoises" when first discovered in the 1500s{Galapagos} Islands
81%
Novel about a Nantucket whaling captain who seeks revenge against a white whale
Moby Dick
81%
Country which controls the aboveChile
79%
Country who controls those islandsEcuador
79%
British sea captain who was killed by angry Hawaiians in 1779James Cook
78%
Most populous island in French Polynesia (hint: starts with T)Tahiti
78%
Island on which the above can be foundOahu
77%
Word, starting with A, which refers to a ring-shaped island made of coralAtoll
75%
Former name given to Fiji by Europeans who were afraid of its
man-eating inhabitants
{Cannibal} Islands
70%
Constellation that appears on the flags of four countries in OceaniaSouthern Cross
69%
1942 battle considered the "turning point" of the Pacific Theater in WWIIBattle of {Midway}
62%
British ship which mutinied against Captain Bligh after visiting that islandHMS Bounty
51%
Uninhabited island that those mutineers traveled to and populated with
their descendants
{Pitcairn} Island
41%

Score Distribution

Percentile by Number Answered

Percent of People with Each Score

Your Score History

You have not taken this quiz